00334nam a22001097a 4500008004100000020001500041082001900056245008700075260004700162300000800209440000700217230623b xxu||||| |||| 00| 0 eng d a9966900071 a330.bNDU 1997 aPrice and Excghange Rate Dynamics in Kenya: An Empirical Investigation (1970-1993) bAfrican Economic Research Consortiumc1997 a38p n58